A m. kir. Ferenc József-tudományegyetem Barátai Egyesületének természettudományi szakosztálya [rövid hír]
Elmentve itt :
| Dokumentumtípus: | Cikk |
|---|---|
| Megjelent: |
1924-12-10
|
| Sorozat: | Délmagyarország
5 No. 283 |
| Kulcsszavak: | Kiss Árpád, Gelei József, Előadás Szeged 1924, Szeged |
| Online Access: | http://dmarchiv.bibl.u-szeged.hu/30936 |
| LEADER | 00532nab a2200145 i 4500 | ||
|---|---|---|---|
| 001 | delm30936 | ||
| 005 | 20180927102642.0 | ||
| 008 | 180927s1924 hu o 0|| hun d | ||
| 040 | |a SZTE Délmagyarország Archívum |b hun | ||
| 041 | |a hun | ||
| 245 | 0 | 2 | |a A m. kir. Ferenc József-tudományegyetem Barátai Egyesületének természettudományi szakosztálya |h [elektronikus dokumentum] : |b [rövid hír] |
| 260 | |c 1924-12-10 | ||
| 300 | |a 5 | ||
| 490 | 0 | |a Délmagyarország |v 5 No. 283 | |
| 695 | |a Kiss Árpád, Gelei József, Előadás Szeged 1924, Szeged | ||